00303pam a2200121 a 4500020002000000041000800020082001600028100001900044245005700063260003500120300000900155700001700164 a9780121245474c aeng a571.64bBRA aBradshaw, R A. aHandbook of Cell Signaling, Vol-IhTextual Documents aNew YorkbAcademic Pressc2004 a747. aDennis, E A.